000 00617nam a2200217Ii 4500
003 JO-AjNU
008 230606s9999||||xx |||||||||||||| ||und||
020 _a0-582-55062-9
040 _aJO-AjNU
_beng
_erda
_cJO-AjNU
041 _aeng
050 1 4 _aPE1380.H8 1976
100 3 _aHUDDLESTON, RODNEY,
_eauthor
_95834
245 0 3 _aAn Introduction to English Transformational Syntax
250 _a1 ed
264 3 1 _aU.S.A: Longman Group,1976
300 _a273P
336 _atext
_btxt
_2rdacontent
337 _aunmediated
_bn
_2rdamedia
338 _avolume
_bnc
_2rdacarrier
650 4 _aEnglish Language
_95835
999 _aE3026
_c3023
_d3023